000
00483nam a2200181Ia 4500
008
090123s9999 xx 000 0 und d
082
_b
31023
100
_a
राऊत अनंत
245
_a
तळभारत
250
_a
1
260
_b
प्रमोद प्रकाशन
_c
2000
300
_a
172
600
_a
राऊत अनंत
630
_a
तळभारत
700
_a
राऊत अनंत
730
_a
तळभारत
942
_c
BOOK
999
_c
68588
_d
68588